[Event "DVM U20 2023"]
[Site "Magdeburg GER"]
[Date "2023.12.29"]
[Round "5"]
[White "Koll, Linus"]
[Black "Rabenstein, Jonathan"]
[Result "1-0"]
[Termination "normal"]
[Board "7.3"]
[WhiteElo "2059"]
[BlackElo "1441"]
[WhiteClock "00:14:07"]
[BlackClock "00:07:59"]
[WhiteTeam "Karlsruher SF 1853"]
[BlackTeam "USC Magdeburg"]
[PlyCount "69"]
[WhiteFideId "12990299"]
[BlackFideId "16298462"]
[EventCountry "GER"]
[EventRounds "7"]
[EventType "team-swiss"]
[EventDate "2023.12.26"]

1. e4 {[%clk 01:30:59]} e5 {[%clk 01:30:38]} {[%emt 00:00:22]} 2. Nf3 {[%clk
01:31:26]} {[%emt 00:00:04]} Nc6 {[%clk 01:30:49]} {[%emt 00:00:18]} 3. Nc3
{[%clk 01:31:07]} {[%emt 00:00:49]} Nf6 {[%clk 01:30:43]} {[%emt 00:00:36]} 4.
a3 {[%clk 01:31:33]} {[%emt 00:00:05]} a6 {[%clk 01:27:48]} {[%emt 00:03:26]}
5. d4 {[%clk 01:31:40]} {[%emt 00:00:22]} exd4 {[%clk 01:25:57]} {[%emt
00:02:21]} 6. Nxd4 {[%clk 01:32:05]} {[%emt 00:00:04]} Bc5 {[%clk 01:24:33]}
{[%emt 00:01:54]} 7. Be3 {[%clk 01:32:26]} {[%emt 00:00:08]} Bb6 {[%clk
01:24:32]} {[%emt 00:00:32]} 8. Be2 {[%clk 01:25:31]} {[%emt 00:07:25]} O-O
{[%clk 01:18:39]} {[%emt 00:06:22]} 9. O-O {[%clk 00:59:13]} {[%emt 00:26:48]}
Re8 {[%clk 01:03:48]} {[%emt 00:15:23]} 10. Nxc6 {[%clk 00:51:19]} {[%emt
00:08:23]} bxc6 {[%clk 01:01:10]} {[%emt 00:03:08]} 11. Bxb6 {[%clk 00:49:52]}
{[%emt 00:01:57]} cxb6 {[%clk 01:01:27]} {[%emt 00:00:12]} 12. Qd3 {[%clk
00:46:41]} {[%emt 00:03:41]} Bb7 {[%clk 00:50:56]} {[%emt 00:11:02]} 13. f4
{[%clk 00:41:33]} {[%emt 00:05:38]} d5 {[%clk 00:45:40]} {[%emt 00:05:47]} 14.
e5 {[%clk 00:29:28]} {[%emt 00:12:34]} Nd7 {[%clk 00:45:27]} {[%emt 00:00:42]}
15. Bg4 {[%clk 00:28:51]} {[%emt 00:01:07]} Nc5 {[%clk 00:42:23]} {[%emt
00:03:35]} 16. Qh3 {[%clk 00:26:44]} {[%emt 00:02:36]} Bc8 {[%clk 00:39:45]}
{[%emt 00:03:09]} 17. Rad1 {[%clk 00:24:00]} {[%emt 00:03:14]} Bxg4 {[%clk
00:29:43]} {[%emt 00:10:31]} 18. Qxg4 {[%clk 00:24:27]} {[%emt 00:00:04]} Re6
{[%clk 00:29:54]} {[%emt 00:00:19]} 19. b4 {[%clk 00:19:48]} {[%emt 00:05:10]}
Nd7 {[%clk 00:27:49]} {[%emt 00:02:35]} 20. Ne2 {[%clk 00:19:53]} {[%emt
00:00:24]} Rg6 {[%clk 00:19:12]} {[%emt 00:09:07]} 21. Qh3 {[%clk 00:20:02]}
{[%emt 00:00:19]} Rh6 {[%clk 00:17:57]} {[%emt 00:01:46]} 22. Qg3 {[%clk
00:18:28]} {[%emt 00:02:04]} Rg6 {[%clk 00:17:05]} {[%emt 00:01:22]} 23. Qd3
{[%clk 00:18:30]} {[%emt 00:00:28]} Qh4 {[%clk 00:14:06]} {[%emt 00:03:28]} 24.
c4 {[%clk 00:15:02]} {[%emt 00:04:00]} Qg4 {[%clk 00:12:34]} {[%emt 00:02:02]}
25. Qf3 {[%clk 00:15:10]} {[%emt 00:00:21]} Rd8 {[%clk 00:08:23]} {[%emt
00:04:40]} 26. Qxg4 {[%clk 00:14:39]} {[%emt 00:01:02]} Rxg4 {[%clk 00:08:47]}
{[%emt 00:00:06]} 27. cxd5 {[%clk 00:15:04]} {[%emt 00:00:04]} Nb8 {[%clk
00:07:55]} {[%emt 00:01:22]} 28. dxc6 {[%clk 00:15:21]} {[%emt 00:00:12]} Nxc6
{[%clk 00:08:18]} {[%emt 00:00:07]} 29. Rxd8+ {[%clk 00:15:45]} {[%emt
00:00:06]} Nxd8 {[%clk 00:08:43]} {[%emt 00:00:05]} 30. Rd1 {[%clk 00:16:13]}
{[%emt 00:00:03]} Ne6 {[%clk 00:08:45]} {[%emt 00:00:29]} 31. h3 {[%clk
00:16:36]} {[%emt 00:00:06]} Rh4 {[%clk 00:08:51]} {[%emt 00:00:24]} 32. Rd6
{[%clk 00:14:57]} {[%emt 00:02:10]} h6 {[%clk 00:08:17]} {[%emt 00:01:04]} 33.
g3 {[%clk 00:14:02]} {[%emt 00:01:25]} Rxh3 {[%clk 00:07:34]} {[%emt 00:01:13]}
34. Kg2 {[%clk 00:13:46]} {[%emt 00:00:46]} Rh5 {[%clk 00:07:59]} {[%emt
00:00:05]} 35. Rxb6 {[%clk 00:14:07]} {[%emt 00:00:09]} 1-0

[Event "DVM U20 2023"]
[Site "Magdeburg GER"]
[Date "2023.12.29"]
[Round "5"]
[White "Burghardt, Jonathan"]
[Black "Scheinmaier, Mark"]
[Result "0-1"]
[Termination "normal"]
[Board "7.4"]
[WhiteElo "1260"]
[BlackElo "1699"]
[WhiteClock "00:24:16"]
[BlackClock "00:06:17"]
[WhiteTeam "USC Magdeburg"]
[BlackTeam "Karlsruher SF 1853"]
[PlyCount "104"]
[WhiteFideId "34617965"]
[BlackFideId "16238958"]
[EventCountry "GER"]
[EventRounds "7"]
[EventType "team-swiss"]
[EventDate "2023.12.26"]

1. e4 {[%clk 01:30:57]} {[%emt 00:00:04]} c5 {[%clk 01:30:53]} {[%emt
00:00:07]} 2. Nf3 {[%clk 01:31:15]} {[%emt 00:00:11]} e6 {[%clk 01:31:15]}
{[%emt 00:00:08]} 3. g3 {[%clk 01:30:47]} {[%emt 00:00:59]} d5 {[%clk
01:30:39]} {[%emt 00:01:05]} 4. exd5 {[%clk 01:29:04]} {[%emt 00:02:13]} exd5
{[%clk 01:28:16]} {[%emt 00:02:53]} 5. Bg2 {[%clk 01:28:34]} {[%emt 00:01:00]}
Nf6 {[%clk 01:25:15]} {[%emt 00:03:31]} 6. O-O {[%clk 01:28:24]} {[%emt
00:00:40]} Be7 {[%clk 01:21:33]} {[%emt 00:04:13]} 7. Re1 {[%clk 01:26:58]}
{[%emt 00:01:56]} O-O {[%clk 01:21:29]} {[%emt 00:00:34]} 8. c3 {[%clk
01:26:53]} {[%emt 00:00:35]} Nc6 {[%clk 01:17:07]} {[%emt 00:04:52]} 9. d4
{[%clk 01:24:35]} {[%emt 00:02:48]} Qb6 {[%clk 01:10:02]} {[%emt 00:07:35]} 10.
Ne5 {[%clk 01:21:00]} {[%emt 00:04:05]} Be6 {[%clk 01:09:06]} {[%emt 00:01:25]}
11. Nxc6 {[%clk 01:06:17]} {[%emt 00:15:13]} bxc6 {[%clk 01:08:45]} {[%emt
00:00:51]} 12. Bh3 {[%clk 00:58:56]} {[%emt 00:07:51]} Bxh3 {[%clk 01:03:41]}
{[%emt 00:05:35]} 13. Rxe7 {[%clk 00:58:46]} {[%emt 00:00:40]} cxd4 {[%clk
01:03:44]} {[%emt 00:00:27]} 14. Qxd4 {[%clk 00:58:49]} {[%emt 00:00:27]} Qxd4
{[%clk 01:03:21]} {[%emt 00:00:52]} 15. cxd4 {[%clk 00:59:05]} {[%emt
00:00:14]} Rfe8 {[%clk 01:03:23]} {[%emt 00:00:28]} 16. Rxe8+ {[%clk 00:59:04]}
{[%emt 00:00:32]} Rxe8 {[%clk 01:03:46]} {[%emt 00:00:07]} 17. Be3 {[%clk
00:59:28]} {[%emt 00:00:06]} Ng4 {[%clk 01:03:39]} {[%emt 00:00:37]} 18. Nd2
{[%clk 00:56:43]} {[%emt 00:03:14]} Nxe3 {[%clk 00:59:29]} {[%emt 00:04:41]}
19. Re1 {[%clk 00:56:12]} {[%emt 00:01:01]} Kf8 {[%clk 00:54:24]} {[%emt
00:05:35]} 20. Rxe3 {[%clk 00:55:37]} {[%emt 00:01:06]} Rb8 {[%clk 00:54:17]}
{[%emt 00:00:37]} 21. Nb3 {[%clk 00:54:36]} {[%emt 00:01:30]} a5 {[%clk
00:53:23]} {[%emt 00:01:24]} 22. Re2 {[%clk 00:53:16]} {[%emt 00:01:50]} a4
{[%clk 00:36:20]} {[%emt 00:17:34]} 23. Nc5 {[%clk 00:48:26]} {[%emt 00:05:20]}
Rb4 {[%clk 00:35:27]} {[%emt 00:01:23]} 24. Rd2 {[%clk 00:47:59]} {[%emt
00:00:56]} Rc4 {[%clk 00:34:49]} {[%emt 00:01:08]} 25. f4 {[%clk 00:47:50]}
{[%emt 00:00:38]} Ke7 {[%clk 00:30:37]} {[%emt 00:04:43]} 26. Kf2 {[%clk
00:46:12]} {[%emt 00:02:08]} h5 {[%clk 00:27:51]} {[%emt 00:03:15]} 27. Ke3
{[%clk 00:44:59]} {[%emt 00:01:43]} Bf5 {[%clk 00:21:33]} {[%emt 00:06:50]} 28.
Nd3 {[%clk 00:42:50]} {[%emt 00:02:39]} a3 {[%clk 00:13:29]} {[%emt 00:08:34]}
29. Ne5 {[%clk 00:39:45]} {[%emt 00:03:34]} Rc1 {[%clk 00:09:22]} {[%emt
00:04:37]} 30. bxa3 {[%clk 00:35:44]} {[%emt 00:04:31]} f6 {[%clk 00:09:14]}
{[%emt 00:00:40]} 31. Nd3 {[%clk 00:35:48]} {[%emt 00:00:24]} Rc3 {[%clk
00:09:08]} {[%emt 00:00:36]} 32. a4 {[%clk 00:34:07]} {[%emt 00:02:11]} Ra3
{[%clk 00:09:27]} {[%emt 00:00:11]} 33. a5 {[%clk 00:31:11]} {[%emt 00:03:27]}
Kd6 {[%clk 00:06:07]} {[%emt 00:03:49]} 34. Ke2 {[%clk 00:30:01]} {[%emt
00:01:39]} Bxd3+ {[%clk 00:06:25]} {[%emt 00:00:13]} 35. Rxd3 {[%clk 00:27:35]}
{[%emt 00:02:55]} Rxa2+ {[%clk 00:06:47]} {[%emt 00:00:10]} 36. Kf3 {[%clk
00:27:17]} {[%emt 00:00:47]} Rxa5 {[%clk 00:04:36]} {[%emt 00:02:42]} 37. f5
{[%clk 00:26:16]} {[%emt 00:01:32]} c5 {[%clk 00:04:17]} {[%emt 00:00:48]} 38.
Kf4 {[%clk 00:24:17]} {[%emt 00:02:29]} Ra4 {[%clk 00:03:36]} {[%emt 00:01:11]}
39. Ke3 {[%clk 00:23:48]} {[%emt 00:00:59]} Rxd4 {[%clk 00:02:46]} {[%emt
00:01:20]} 40. Rxd4 {[%clk 00:22:18]} {[%emt 00:02:00]} cxd4+ {[%clk 00:03:11]}
{[%emt 00:00:05]} 41. Kxd4 {[%clk 00:22:39]} {[%emt 00:00:09]} Kc6 {[%clk
00:03:34]} {[%emt 00:00:06]} 42. h3 {[%clk 00:22:27]} {[%emt 00:00:43]} Kd6
{[%clk 00:03:38]} {[%emt 00:00:26]} 43. g4 {[%clk 00:22:25]} {[%emt 00:00:32]}
h4 {[%clk 00:03:35]} {[%emt 00:00:33]} 44. Kd3 {[%clk 00:22:30]} {[%emt
00:00:24]} Ke5 {[%clk 00:03:58]} {[%emt 00:00:07]} 45. Ke3 {[%clk 00:22:26]}
{[%emt 00:00:35]} d4+ {[%clk 00:04:21]} {[%emt 00:00:06]} 46. Kf3 {[%clk
00:22:43]} {[%emt 00:00:14]} Kd5 {[%clk 00:04:30]} {[%emt 00:00:20]} 47. Kf2
{[%clk 00:22:54]} {[%emt 00:00:20]} Ke4 {[%clk 00:04:51]} {[%emt 00:00:09]} 48.
Ke2 {[%clk 00:23:17]} {[%emt 00:00:07]} d3+ {[%clk 00:05:12]} {[%emt 00:00:09]}
49. Kd2 {[%clk 00:23:37]} {[%emt 00:00:09]} Kd4 {[%clk 00:05:35]} {[%emt
00:00:07]} 50. Ke1 {[%clk 00:23:48]} {[%emt 00:00:19]} Ke3 {[%clk 00:05:36]}
{[%emt 00:00:28]} 51. Kd1 {[%clk 00:24:01]} {[%emt 00:00:18]} d2 {[%clk
00:05:54]} {[%emt 00:00:11]} 52. Kc2 {[%clk 00:24:16]} {[%emt 00:00:16]} Ke2
{[%clk 00:06:17]} {[%emt 00:00:08]} 0-1

[Event "DVM U20 2023"]
[Site "Magdeburg GER"]
[Date "2023.12.29"]
[Round "5"]
[White "Schönherr, Stijn"]
[Black "Haug, Mara"]
[Result "0-1"]
[Termination "normal"]
[Board "7.6"]
[WhiteElo "1295"]
[BlackElo "1691"]
[WhiteClock "00:24:01"]
[BlackClock "00:01:43"]
[WhiteTeam "USC Magdeburg"]
[BlackTeam "Karlsruher SF 1853"]
[PlyCount "78"]
[WhiteFideId "34611622"]
[BlackFideId "16259300"]
[EventCountry "GER"]
[EventRounds "7"]
[EventType "team-swiss"]
[EventDate "2023.12.26"]

1. e4 {[%clk 01:30:57]} {[%emt 00:00:03]} c5 {[%clk 01:30:55]} {[%emt
00:00:06]} 2. Nc3 {[%clk 01:31:22]} {[%emt 00:00:05]} Nc6 {[%clk 01:31:18]}
{[%emt 00:00:08]} 3. g3 {[%clk 01:31:37]} {[%emt 00:00:16]} g6 {[%clk
01:31:33]} {[%emt 00:00:12]} 4. Bg2 {[%clk 01:31:56]} {[%emt 00:00:14]} Bg7
{[%clk 01:31:56]} {[%emt 00:00:07]} 5. Nge2 {[%clk 01:32:10]} {[%emt 00:00:16]}
d6 {[%clk 01:31:08]} {[%emt 00:01:17]} 6. O-O {[%clk 01:32:16]} {[%emt
00:00:25]} Nf6 {[%emt 00:01:02]} 7. d3 {[%clk 01:32:34]} {[%emt 00:00:01]} Bd7
{[%clk 01:29:23]} {[%emt 00:01:51]} 8. f4 {[%clk 01:29:17]} {[%emt 00:03:48]}
Qc8 {[%clk 01:23:43]} {[%emt 00:06:10]} 9. Kh1 {[%clk 01:22:19]} {[%emt
00:07:29]} h5 {[%clk 01:13:58]} {[%emt 00:10:14]} 10. h4 {[%clk 01:15:07]}
{[%emt 00:07:43]} O-O {[%clk 01:05:10]} {[%emt 00:09:16]} 11. Ng1 {[%clk
01:11:01]} {[%emt 00:04:37]} Bg4 {[%clk 01:00:12]} {[%emt 00:05:28]} 12. Nf3
{[%clk 01:09:01]} {[%emt 00:02:30]} Nd4 {[%clk 00:57:52]} {[%emt 00:02:50]} 13.
Kh2 {[%clk 01:04:42]} {[%emt 00:04:50]} b5 {[%clk 00:49:53]} {[%emt 00:08:28]}
14. Ne2 {[%clk 01:01:03]} {[%emt 00:04:09]} Nxf3+ {[%clk 00:44:25]} {[%emt
00:05:58]} 15. Bxf3 {[%clk 01:01:16]} {[%emt 00:00:17]} Bxf3 {[%clk 00:43:05]}
{[%emt 00:01:50]} 16. Rxf3 {[%clk 01:00:46]} {[%emt 00:01:00]} Rb8 {[%clk
00:39:51]} {[%emt 00:03:43]} 17. f5 {[%clk 00:58:56]} {[%emt 00:02:21]} Qd7
{[%clk 00:31:11]} {[%emt 00:09:08]} 18. Bg5 {[%clk 00:50:42]} {[%emt 00:08:46]}
Ng4+ {[%clk 00:29:37]} {[%emt 00:02:03]} 19. Kg1 {[%clk 00:50:36]} {[%emt
00:00:37]} Bxb2 {[%clk 00:28:25]} {[%emt 00:01:42]} 20. Rb1 {[%clk 00:49:20]}
{[%emt 00:01:47]} Bg7 {[%clk 00:26:35]} {[%emt 00:02:19]} 21. c3 {[%clk
00:32:53]} {[%emt 00:16:57]} Kh7 {[%clk 00:22:03]} {[%emt 00:05:02]} 22. Qf1
{[%clk 00:27:48]} {[%emt 00:05:35]} Ne5 {[%clk 00:16:02]} {[%emt 00:06:27]} 23.
fxg6+ {[%clk 00:27:17]} {[%emt 00:01:05]} fxg6 {[%clk 00:14:52]} {[%emt
00:01:41]} 24. Rxf8 {[%clk 00:27:18]} {[%emt 00:00:28]} Rxf8 {[%clk 00:15:18]}
{[%emt 00:00:04]} 25. Nf4 {[%clk 00:25:48]} {[%emt 00:02:01]} a6 {[%clk
00:11:46]} {[%emt 00:04:01]} 26. Qg2 {[%clk 00:24:59]} {[%emt 00:01:20]} Nf7
{[%clk 00:10:46]} {[%emt 00:01:30]} 27. Nd5 {[%clk 00:24:34]} {[%emt 00:00:56]}
Nxg5 {[%clk 00:10:31]} {[%emt 00:00:45]} 28. hxg5 {[%clk 00:24:36]} {[%emt
00:00:28]} e6 {[%clk 00:08:18]} {[%emt 00:02:42]} 29. Nf4 {[%clk 00:24:38]}
{[%emt 00:00:23]} Bxc3 {[%clk 00:07:56]} {[%emt 00:00:57]} 30. Qh3 {[%clk
00:24:32]} {[%emt 00:00:37]} Qf7 {[%clk 00:04:21]} {[%emt 00:03:59]} 31. Kh1
{[%clk 00:23:54]} {[%emt 00:01:15]} Be5 {[%clk 00:02:11]} {[%emt 00:02:38]} 32.
Rf1 {[%clk 00:23:45]} {[%emt 00:00:41]} Qe7 {[%clk 00:01:42]} {[%emt 00:00:53]}
33. Qh4 {[%clk 00:23:45]} {[%emt 00:00:36]} Bxf4 {[%clk 00:01:37]} {[%emt
00:00:34]} 34. gxf4 {[%clk 00:24:03]} {[%emt 00:00:12]} d5 {[%clk 00:01:21]}
{[%emt 00:00:46]} 35. Rc1 {[%clk 00:23:50]} {[%emt 00:00:43]} Qc7 {[%clk
00:01:34]} {[%emt 00:00:15]} 36. e5 {[%clk 00:24:08]} {[%emt 00:00:14]} c4
{[%clk 00:01:41]} {[%emt 00:00:23]} 37. dxc4 {[%clk 00:24:12]} {[%emt
00:00:25]} bxc4 {[%clk 00:01:47]} {[%emt 00:00:23]} 38. Qg3 {[%clk 00:24:30]}
{[%emt 00:00:13]} Qb7 {[%clk 00:01:27]} {[%emt 00:00:46]} 39. Qe3 {[%clk
00:24:01]} {[%emt 00:01:03]} d4+ {[%clk 00:01:43]} {[%emt 00:00:15]} 0-1

[Event "DVM U20 2023"]
[Site "Magdeburg GER"]
[Date "2023.12.29"]
[Round "5"]
[White "Matthäi, Jakob"]
[Black "Struck, Lasse"]
[Result "1/2-1/2"]
[Termination "normal"]
[Board "8.1"]
[WhiteElo "2076"]
[BlackElo "1964"]
[WhiteClock "00:16:49"]
[BlackClock "00:22:39"]
[WhiteTeam "USG Chemnitz"]
[BlackTeam "SF Essen-Katernberg 04/32"]
[PlyCount "98"]
[WhiteFideId "16240421"]
[BlackFideId "16255623"]
[EventCountry "GER"]
[EventRounds "7"]
[EventType "team-swiss"]
[EventDate "2023.12.26"]

1. e4 {[%clk 01:30:57]} {[%emt 00:00:05]} c5 {[%clk 01:30:54]} {[%emt
00:00:05]} 2. Nf3 {[%clk 01:31:24]} {[%emt 00:00:04]} e6 {[%clk 01:31:14]}
{[%emt 00:00:09]} 3. c3 {[%clk 01:31:51]} {[%emt 00:00:04]} Nf6 {[%clk
01:31:29]} {[%emt 00:00:15]} 4. e5 {[%clk 01:32:18]} {[%emt 00:00:03]} Nd5
{[%clk 01:31:52]} {[%emt 00:00:06]} 5. d4 {[%clk 01:32:41]} {[%emt 00:00:07]}
cxd4 {[%clk 01:32:18]} {[%emt 00:00:05]} 6. cxd4 {[%clk 01:33:08]} {[%emt
00:00:04]} d6 {[%clk 01:32:39]} {[%emt 00:00:08]} 7. Nc3 {[%clk 01:32:48]}
{[%emt 00:00:50]} Nxc3 {[%clk 01:32:54]} {[%emt 00:00:14]} 8. bxc3 {[%clk
01:33:14]} {[%emt 00:00:05]} Qc7 {[%clk 01:33:15]} {[%emt 00:00:09]} 9. Bd2
{[%clk 01:32:46]} {[%emt 00:00:58]} Nd7 {[%clk 01:33:24]} {[%emt 00:00:21]} 10.
exd6 {[%clk 01:31:55]} {[%emt 00:01:20]} Bxd6 {[%clk 01:33:49]} {[%emt
00:00:06]} 11. Bd3 {[%clk 01:31:24]} {[%emt 00:01:01]} b6 {[%clk 01:33:30]}
{[%emt 00:00:49]} 12. O-O {[%clk 01:29:39]} {[%emt 00:02:14]} Bb7 {[%clk
01:32:43]} {[%emt 00:01:17]} 13. h3 {[%clk 01:29:30]} {[%emt 00:00:39]} O-O
{[%clk 01:32:02]} {[%emt 00:01:10]} 14. Re1 {[%clk 01:23:10]} {[%emt 00:06:50]}
Bf4 {[%clk 01:30:00]} {[%emt 00:02:32]} 15. Be4 {[%clk 01:20:00]} {[%emt
00:03:40]} Bxe4 {[%clk 01:28:52]} {[%emt 00:01:38]} 16. Rxe4 {[%clk 01:20:26]}
{[%emt 00:00:04]} Bxd2 {[%clk 01:29:16]} {[%emt 00:00:06]} 17. Qxd2 {[%clk
01:20:51]} {[%emt 00:00:06]} Rac8 {[%clk 01:28:12]} {[%emt 00:01:35]} 18. Rc1
{[%clk 01:20:03]} {[%emt 00:01:17]} Qc4 {[%clk 01:26:19]} {[%emt 00:02:22]} 19.
Qc2 {[%clk 01:13:58]} {[%emt 00:06:36]} b5 {[%clk 01:23:50]} {[%emt 00:02:59]}
20. Nd2 {[%clk 01:07:01]} {[%emt 00:07:26]} Qd5 {[%clk 01:21:58]} {[%emt
00:02:22]} 21. Qb3 {[%clk 01:04:31]} {[%emt 00:03:02]} Rc7 {[%clk 01:19:29]}
{[%emt 00:03:00]} 22. c4 {[%clk 00:47:08]} {[%emt 00:17:52]} bxc4 {[%clk
01:17:26]} {[%emt 00:02:33]} 23. Rxc4 {[%clk 00:47:33]} {[%emt 00:00:05]} Rxc4
{[%clk 01:13:10]} {[%emt 00:04:46]} 24. Qxc4 {[%clk 00:47:57]} {[%emt
00:00:07]} Qxc4 {[%clk 01:12:24]} {[%emt 00:01:16]} 25. Nxc4 {[%clk 00:48:22]}
{[%emt 00:00:05]} Rc8 {[%clk 01:12:28]} {[%emt 00:00:24]} 26. Ne5 {[%clk
00:47:21]} {[%emt 00:01:32]} Nb6 {[%clk 01:11:32]} {[%emt 00:01:25]} 27. Re2
{[%clk 00:46:56]} {[%emt 00:00:55]} Rc1+ {[%clk 01:10:59]} {[%emt 00:01:03]}
28. Kh2 {[%clk 00:47:22]} {[%emt 00:00:05]} Kf8 {[%clk 01:06:20]} {[%emt
00:05:08]} 29. Rb2 {[%clk 00:45:53]} {[%emt 00:01:58]} Rc7 {[%clk 01:01:20]}
{[%emt 00:05:31]} 30. Kg3 {[%clk 00:43:01]} {[%emt 00:03:22]} Ke7 {[%clk
00:59:18]} {[%emt 00:02:32]} 31. Rb3 {[%clk 00:30:27]} {[%emt 00:13:04]} Kd6
{[%clk 00:55:38]} {[%emt 00:04:10]} 32. Nf3 {[%clk 00:25:12]} {[%emt 00:05:45]}
f6 {[%clk 00:50:23]} {[%emt 00:05:45]} 33. h4 {[%clk 00:23:46]} {[%emt
00:01:55]} Rc4 {[%clk 00:49:15]} {[%emt 00:01:38]} 34. Rb2 {[%clk 00:21:03]}
{[%emt 00:03:14]} g6 {[%clk 00:38:21]} {[%emt 00:11:24]} 35. Rb3 {[%clk
00:20:11]} {[%emt 00:01:22]} Ra4 {[%clk 00:35:51]} {[%emt 00:03:00]} 36. Rb2
{[%clk 00:19:46]} {[%emt 00:00:55]} h6 {[%clk 00:27:37]} {[%emt 00:08:43]} 37.
Rc2 {[%clk 00:15:04]} {[%emt 00:05:11]} g5 {[%clk 00:25:17]} {[%emt 00:02:52]}
38. hxg5 {[%clk 00:14:31]} {[%emt 00:01:03]} hxg5 {[%clk 00:25:39]} {[%emt
00:00:08]} 39. Rb2 {[%clk 00:13:37]} {[%emt 00:01:25]} Nd5 {[%clk 00:24:40]}
{[%emt 00:01:28]} 40. Rc2 {[%clk 00:11:55]} {[%emt 00:02:13]} a5 {[%clk
00:23:41]} {[%emt 00:01:29]} 41. Nd2 {[%clk 00:11:37]} {[%emt 00:00:47]} Nb4
{[%clk 00:09:19]} {[%emt 00:14:52]} 42. Ne4+ {[%clk 00:28:16]} {[%emt
00:13:52]} Kd5 {[%clk 00:37:26]} {[%emt 00:02:23]} 43. Nxf6+ {[%clk 00:27:27]}
{[%emt 00:01:19]} Kxd4 {[%clk 00:37:46]} {[%emt 00:00:10]} 44. Re2 {[%clk
00:27:08]} {[%emt 00:00:48]} Rxa2 {[%clk 00:32:59]} {[%emt 00:05:18]} 45. Re4+
{[%clk 00:26:38]} {[%emt 00:00:59]} Kd3 {[%clk 00:24:25]} {[%emt 00:09:05]} 46.
Re3+ {[%clk 00:16:11]} {[%emt 00:10:57]} Kd4 {[%clk 00:23:13]} {[%emt
00:01:43]} 47. Re4+ {[%clk 00:16:25]} {[%emt 00:00:16]} Kd3 {[%clk 00:22:48]}
{[%emt 00:00:53]} 48. Re3+ {[%clk 00:16:49]} {[%emt 00:00:08]} Kd4 {[%clk
00:22:39]} {[%emt 00:00:38]} 49. Re4+ {[%emt 00:00:34]} Ke5 *

[Event "DVM U20 2023"]
[Site "Magdeburg GER"]
[Date "2023.12.29"]
[Round "5"]
[White "Friedland, Manfred"]
[Black "Jahrke, Jonas"]
[Result "1-0"]
[Termination "normal"]
[Board "8.3"]
[WhiteElo "1770"]
[BlackElo "1831"]
[WhiteClock "00:20:30"]
[BlackClock "00:04:10"]
[WhiteTeam "USG Chemnitz"]
[BlackTeam "SF Essen-Katernberg 04/32"]
[PlyCount "59"]
[WhiteFideId "16240251"]
[BlackFideId "12984353"]
[EventCountry "GER"]
[EventRounds "7"]
[EventType "team-swiss"]
[EventDate "2023.12.26"]

1. e4 {[%clk 01:30:57]} {[%emt 00:00:03]} c5 {[%clk 01:30:50]} {[%emt
00:00:10]} 2. Nc3 {[%clk 01:31:22]} {[%emt 00:00:05]} d6 {[%clk 01:31:01]}
{[%emt 00:00:20]} 3. d4 {[%clk 01:31:47]} {[%emt 00:00:06]} cxd4 {[%clk
01:31:10]} {[%emt 00:00:21]} 4. Qxd4 {[%clk 01:32:11]} {[%emt 00:00:05]} Nc6
{[%clk 01:31:16]} {[%emt 00:00:25]} 5. Qd2 {[%clk 01:32:36]} {[%emt 00:00:05]}
g6 {[%clk 01:30:10]} {[%emt 00:01:35]} 6. b3 {[%clk 01:32:49]} {[%emt
00:00:18]} Bh6 {[%clk 01:24:34]} {[%emt 00:06:06]} 7. f4 {[%clk 01:31:20]}
{[%emt 00:01:59]} Nf6 {[%clk 01:24:06]} {[%emt 00:00:58]} 8. Bb2 {[%clk
01:30:19]} {[%emt 00:01:31]} O-O {[%clk 01:24:13]} {[%emt 00:00:23]} 9. O-O-O
{[%clk 01:30:00]} {[%emt 00:00:49]} a5 {[%clk 01:21:51]} {[%emt 00:02:52]} 10.
a4 {[%clk 01:29:51]} {[%emt 00:00:39]} Bg4 {[%clk 01:12:14]} {[%emt 00:10:06]}
11. Be2 {[%clk 01:26:17]} {[%emt 00:04:03]} Bxe2 {[%clk 01:12:13]} {[%emt
00:00:33]} 12. Ngxe2 {[%clk 01:26:24]} {[%emt 00:00:23]} Rc8 {[%clk 00:45:53]}
{[%emt 00:26:51]} 13. Kb1 {[%clk 01:25:08]} {[%emt 00:01:45]} Qd7 {[%clk
00:36:47]} {[%emt 00:09:37]} 14. h3 {[%clk 01:16:37]} {[%emt 00:09:00]} Rfd8
{[%clk 00:28:59]} {[%emt 00:08:18]} 15. g4 {[%clk 01:15:48]} {[%emt 00:01:19]}
Bg7 {[%clk 00:28:30]} {[%emt 00:00:59]} 16. Ng3 {[%clk 01:13:26]} {[%emt
00:02:52]} Nb4 {[%clk 00:26:43]} {[%emt 00:02:16]} 17. g5 {[%clk 01:07:16]}
{[%emt 00:06:41]} Ne8 {[%clk 00:25:14]} {[%emt 00:01:59]} 18. h4 {[%clk
01:04:37]} {[%emt 00:03:09]} Qc7 {[%emt 00:12:39]} 19. Nge2 {[%clk 01:01:32]}
d5 {[%clk 00:10:10]} {[%emt 00:07:02]} 20. e5 {[%clk 00:54:17]} {[%emt
00:07:44]} f6 {[%clk 00:09:02]} {[%emt 00:01:39]} 21. exf6 {[%clk 00:45:04]}
{[%emt 00:09:42]} exf6 {[%clk 00:08:51]} {[%emt 00:00:42]} 22. Nd4 {[%clk
00:45:00]} {[%emt 00:00:33]} fxg5 {[%clk 00:07:51]} {[%emt 00:01:31]} 23. hxg5
{[%clk 00:43:58]} {[%emt 00:01:31]} Bxd4 {[%clk 00:06:54]} {[%emt 00:01:28]}
24. Qxd4 {[%clk 00:42:03]} {[%emt 00:02:25]} Ng7 {[%clk 00:07:22]} {[%emt
00:00:01]} 25. Rh2 {[%clk 00:24:24]} {[%emt 00:18:08]} Nf5 {[%clk 00:07:19]}
{[%emt 00:00:33]} 26. Qf6 {[%clk 00:20:34]} {[%emt 00:04:21]} Qc6 {[%clk
00:03:56]} {[%emt 00:03:53]} 27. Nxd5 {[%clk 00:20:09]} {[%emt 00:00:54]} Nxd5
{[%clk 00:03:22]} {[%emt 00:01:06]} 28. Qh8+ {[%clk 00:20:21]} {[%emt
00:00:16]} Kf7 {[%clk 00:03:51]} {[%emt 00:00:02]} 29. Rxh7+ {[%clk 00:20:39]}
{[%emt 00:00:12]} Ke6 {[%clk 00:04:10]} {[%emt 00:00:10]} 30. Qe5# {[%clk
00:20:30]} {[%emt 00:00:06]} 1-0